Arancel de precios de carga, descarga y trasbalso o trasbordo, que en el percibo de los derechos deben arreglarse los Gremios de Mareantes [...] para el embarco y desembarco de los géneros, víveres y demas mercaderías que se transportan en este puerto de Barcelona, su anden y playa, conforme á los reales privilegios e inmemorial costumbre, y á lo prescripto por el Rey en sus Reales Ordenanzas
MARC
| LEADER | 00000nam a2200000Ia 4500 | ||
|---|---|---|---|
| 001 | 17568 | ||
| 008 | 160829s1819 xx 000 0 cat d | ||
| 080 | |a 399, exp. 6 | ||
| 245 | |a Arancel de precios de carga, descarga y trasbalso o trasbordo, que en el percibo de los derechos deben arreglarse los Gremios de Mareantes [...] para el embarco y desembarco de los géneros, víveres y demas mercaderías que se transportan en este puerto de Barcelona, su anden y playa, conforme á los reales privilegios e inmemorial costumbre, y á lo prescripto por el Rey en sus Reales Ordenanzas | ||
| 260 | |a Barcelona : |b Impreso por Garriga y Aguasvivas, |c 1819 | ||
| 300 | |a 11 p. ; |c 21 cm | ||
| 650 | |a Aranzels de duanes |x Barcelona |x S. XIX |9 47037 | ||
| 901 | |a Arxiu | ||
| 942 | |n 1 | ||
| 952 | |0 0 |1 0 |4 0 |6 399_EXP_6 |7 1 |9 55027 |a Arxiu |b Arxiu |d 2016-12-01 |l 0 |o 399, exp. 6 |p 17568 |r 2016-12-01 00:00:00 |w 2016-12-01 |y ARXIU | ||
| 999 | |c 58897 |d 58897 | ||